Mesto pomohlo Šebastovciam dobudovať vodovod, kanál i cesty

Podrobná bibliografia
Hlavný autor: Podhorská, Kveta (Autor)
Médium: Článok
Jazyk:slovenčina
Fyzický popis:Obr.
ISSN:1335-4566
Predmet:

MARC

LEADER 00000nab a2200000 a 4500
001 vtls008307318
003 SK-MaSNL
005 20260303094505.0
008 051104 20051103xo dr er 000 0 slo
038 |a KEVKJB 
040 |a VKJB  |b slo  |c VKJB  |e AACR2 
041 0 |a slo 
044 |a xo  |c SK 
080 |a 636.13  |2 UDC-MRF-SK2 
080 |a 628.14  |2 UDC-MRF-SK2 
100 1 |a Podhorská, Kveta  |4 aut  |9 872973 
245 1 0 |a Mesto pomohlo Šebastovciam dobudovať vodovod, kanál i cesty  |c Kveta Podhorská 
300 |b Obr. 
650 0 7 |a kanalizácia  |2 kevkjb  |9 29352 
650 0 7 |a vodovod  |2 kevkjb  |9 884912 
651 7 |a Šebastovce (Košice IV, Slovensko)  |2 snkbucl  |9 30190 
651 7 |a Košice (Slovensko)  |2 kevkjb  |9 18694 
773 0 |t Košický denník Korzár  |g Roč. VIII, č. 254 (3.11.2005), s. 3  |x 1335-4566 
852 |a KEVKJB  |b KIS3GCP 
999 |c 1820895  |d 1822825